En defensa de la soberanía nacional : dictamen emitido por el licenciado Ignacio L. Vallarta /

Documento en que Ignacio L. Vallarta, como canciller del primer gobierno de Porfirio Díaz, emite el dictamen sobre la solicitud de permiso del gobierno estadounidense para establecer una estación naval de carbón en la bahía de la Magdalena y algunos otros privilegios. Vallarta rechaza la solicitud c...

Бүрэн тодорхойлолт

-д хадгалсан:
Номзүйн дэлгэрэнгүй
Үндсэн зохиолч: Vallarta, Ignacio Luis (autor)
Бусад зохиолчид: Gómez Robledo, Antonio (preliminares) (preliminares)
Формат: Ном
Хэл сонгох:испани
Хэвлэсэн: México : México : El Colegio de Jalisco ; INAH, 2000, c1993
Цуврал:(Cuadernos de Estudios Jaliscienses ; 24)
Нөхцлүүд:
Шошгууд: Шошго нэмэх
Шошго байхгүй, Энэхүү баримтыг шошголох эхний хүн болох!

MARC

LEADER 00000nam^a2200000^a^4500
001 000263049
005 20250625000000.0
009 20260310110602.966
025 |a Donación sin dato, 1 ejemplar 
037 |a Acervo ITESO - Biblioteca 
041 |a ESP 
082 |a 341. 26  |b VAL 
100 |a Vallarta, Ignacio Luis  |e (autor) 
245 1 0 |a En defensa de la soberanía nacional :  |b dictamen emitido por el licenciado Ignacio L. Vallarta /  |c I.L. Vallarta ; prelim. de A. Gómez Robledo. 
264 4 |a México :  |b El Colegio de Jalisco ;  |a México :  |b INAH,  |c 2000, c1993 
300 |a 13 p. 
336 |a texto  |b txt  |2 rdacontenido 
337 |a sin mediación  |b n  |2 rdamedio 
338 |a volumen  |b nc  |2 rdasoporte 
440 1 |a (Cuadernos de Estudios Jaliscienses ;  |v 24) 
520 |a Documento en que Ignacio L. Vallarta, como canciller del primer gobierno de Porfirio Díaz, emite el dictamen sobre la solicitud de permiso del gobierno estadounidense para establecer una estación naval de carbón en la bahía de la Magdalena y algunos otros privilegios. Vallarta rechaza la solicitud con base en el derecho a la soberanía nacional de nuestro país. 
649 |a XX 
650 |a Soberanía -  |z México -  |x Tema Principal 
650 |a Fronteras Geopolíticas -  |z México 
650 |a Política Exterior -  |z México 
650 |a Relaciones Internacionales -  |z México-EUA -  |x Tema Principal 
650 |a Política -  |z México -  |x Historia -  |y Porfirismo, 1876-1911 
650 |a Política -  |z México -  |x Historia -  |y República Liberal, 1867-1911 
650 |a Política -  |z México -  |x Historia -  |y Siglo XIX 
650 |a Política Internacional 
650 |a Derecho Constitucional -  |z México -  |x Historia -  |y Siglo XIX 
650 |a Derecho Público -  |z México -  |x Historia -  |y Siglo XIX 
650 |a Derecho Internacional Público 
700 |a Gómez Robledo, Antonio  |e (preliminares) 
910 |a Fondo General 
920 |a Impresos - Libros 
930 |a Colección General 
905 |a 101 
901 |a 0500143931  |b IT1  |c ACC  |d DT  |i D  |u 20250625 
902 |a https://opac.biblio.iteso.mx/vufind/Record/000263049